<?xml version="1.0" encoding="UTF-8"?>
<record
    xmlns:xsi="http://www.w3.org/2001/XMLSchema-instance"
    xsi:schemaLocation="http://www.loc.gov/MARC21/slim http://www.loc.gov/standards/marcxml/schema/MARC21slim.xsd"
    xmlns="http://www.loc.gov/MARC21/slim">

  <leader>00646nam a2200157Ia 4500</leader>
  <controlfield tag="008">260601s2025    xx            000 0 und d</controlfield>
  <datafield tag="020" ind1=" " ind2=" ">
    <subfield code="a">978-93-5220-440-3</subfield>
  </datafield>
  <datafield tag="041" ind1=" " ind2=" ">
    <subfield code="a">hin</subfield>
  </datafield>
  <datafield tag="082" ind1=" " ind2=" ">
    <subfield code="a">650.11/DIK</subfield>
  </datafield>
  <datafield tag="100" ind1=" " ind2=" ">
    <subfield code="a">&#x926;&#x940;&#x915;&#x94D;&#x937;&#x93F;&#x924; &#x915;&#x93E;&#x902;&#x91A;&#x928;</subfield>
  </datafield>
  <datafield tag="245" ind1=" " ind2=" ">
    <subfield code="a">&#x91F;&#x93E;&#x907;&#x92E; &#x905;&#x901;&#x921; &#x938;&#x947;&#x932;&#x94D;&#x92B; &#x92E;&#x945;&#x928;&#x947;&#x91C;&#x92E;&#x947;&#x928;&#x94D;&#x91F;</subfield>
    <subfield code="b">&#x935;&#x947;&#x933;&#x947;&#x91A;&#x902; &#x935; &#x906;&#x92F;&#x941;&#x937;&#x94D;&#x92F;&#x93E;&#x91A;&#x902; &#x938;&#x91C;&#x917; &#x935;&#x94D;&#x92F;&#x935;&#x938;&#x94D;&#x925;&#x93E;&#x92A;&#x928;</subfield>
  </datafield>
  <datafield tag="250" ind1=" " ind2=" ">
    <subfield code="a">&#x96D; &#x906;&#x935;&#x943;&#x924;&#x940;</subfield>
  </datafield>
  <datafield tag="260" ind1=" " ind2=" ">
    <subfield code="a">&#x91B;&#x924;&#x94D;&#x930;&#x92A;&#x924;&#x940; &#x936;&#x902;&#x92D;&#x93E;&#x91C;&#x940; &#x928;&#x917;&#x930;</subfield>
    <subfield code="b">&#x938;&#x93E;&#x915;&#x947;&#x924; &#x92A;&#x94D;&#x930;&#x915;&#x93E;&#x936;&#x928; &#x92A;&#x94D;&#x930;&#x93E;.&#x932;&#x93F;</subfield>
    <subfield code="c">&#x968;&#x966;&#x968;&#x96B;</subfield>
  </datafield>
  <datafield tag="300" ind1=" " ind2=" ">
    <subfield code="a">P.B,296</subfield>
  </datafield>
  <datafield tag="650" ind1=" " ind2=" ">
    <subfield code="a">MCA</subfield>
  </datafield>
  <datafield tag="999" ind1=" " ind2=" ">
    <subfield code="c">1222365</subfield>
    <subfield code="d">1222365</subfield>
  </datafield>
  <datafield tag="952" ind1=" " ind2=" ">
    <subfield code="0">0</subfield>
    <subfield code="1">0</subfield>
    <subfield code="4">0</subfield>
    <subfield code="7">0</subfield>
    <subfield code="a">MCK</subfield>
    <subfield code="b">MCK</subfield>
    <subfield code="d">2025-12-23</subfield>
    <subfield code="e">&#x92D;&#x93E;&#x930;&#x924;&#x940; &#x92C;&#x91D;&#x93E;&#x930; &#x92A;&#x941;&#x923;&#x947;</subfield>
    <subfield code="g">350.00</subfield>
    <subfield code="l">0</subfield>
    <subfield code="o">650.11/DIK</subfield>
    <subfield code="p">MCK-M6089</subfield>
    <subfield code="r">2026-06-02 00:00:00</subfield>
    <subfield code="w">2026-06-02</subfield>
    <subfield code="y">REF</subfield>
  </datafield>
</record>
